000 00387nam a2200157Ia 4500
008 210716s2005 xx 000 0 und d
020 _a8171698506
041 _aeng
082 _a004.694 DEVV
100 _aDeva, Vasu.
245 _aE-services: an innovative approach.
_bInnovative approach.
250 _a1
260 _aNew Delhi
_c2005
300 _ax,251
650 _aE-Commerce
999 _c187897
_d187897